000 nam a22 7a 4500
999 _c55535
_d55535
003 OSt
005 20220909123045.0
008 220909b xxu||||| |||| 00| 0 eng d
040 _cIIMT UNIVERSITY, MEERUT
100 _aSHARMA, ACHARYA
245 _aYUG- PARIVARTAN KAISE AUR KAB
260 _aAKHAND JYOTI SANSTHAN
_bMATHURA
_c1998
942 _2ddc
_c09